000 00713nam a2200229 4500
001 agr68000321
003 DLC
005 20260227111031.0
008 691105s1968 dcua b 000 0 eng c
010 _aagr68000321
040 _aU.S. Nat'l Agr. Libr.
_cDLC
_dDLC
070 0 _aA423.9 F764 no. 108
100 1 _aMacAloney, Harvey John,
_d1896-
245 1 4 _aThe sugar maple borer,
_cby Harvey J. MacAloney.
260 _a[Washington,
_bU.S. Govt. Print. Off.]
_c1968.
300 _a4 p.
_billus.
_c24 cm.
410 1 0 _aUnited States.
_bForest Service.
_tForest pest leaflet
_v108
500 _aCaption title.
504 _aBibliography: p. 4.
650 0 _aSugar-maple borer.
650 3 _aGlycobius speciosus.
999 _c12606
_d12606